[Event "Ortisei Server24 op 4th"]
[Site "Ortisei"]
[Date "2018.06.20"]
[Round "5"]
[White "Kostov, Deyan Samuil"]
[Black "Karl, Hans"]
[Result "1/2-1/2"]
[WhiteElo "1894"]
[BlackElo "2078"]
[PlyCount "61"]
[EventDate "2018.06.16"]
[EventType "tourn"]
[EventRounds "9"]
[EventCountry "ITA"]
[SourceTitle "CBM 185 Extra"]
[Source "ChessBase"]
[SourceDate "2018.07.29"]
[SourceVersion "1"]
[SourceVersionDate "2018.07.29"]
[SourceQuality "1"]

1. d4 Nf6 2. Bg5 d5 3. Nf3 e6 4. e3 Be7 5. Bd3 b6 6. 0-0 h6 7. Bf4 Bb7 8. Nbd2 Nbd7 9. h3 0-0 10. a4 a5 11. c3 Ne4 12. Qc2 f5 13. Ne5 Bf6 14. Ndf3 c5 15. Be2 Rc8 16. Qd1 Kh7 17. Nxd7 Qxd7 18. Ne5 Bxe5 19. Bxe5 c4 20. f3 Nd6 21. Qe1 Nf7 22. f4 Bc6 23. Bd1 g5 24. Bc2 Nxe5 25. fxe5 Kh8 26. g4 fxg4 27. hxg4 Rxf1+ 28. Qxf1 Qg7 29. Qg2 Rf8 30. Rf1 Kg8 31. Rf3 1/2-1/2

[Event "SUI-chT"]
[Site "Switzerland"]
[Date "2018.04.29"]
[Round "3.5"]
[White "Turdyev, Anvar"]
[Black "Karl, Hans"]
[Result "1-0"]
[WhiteElo "2427"]
[BlackElo "2027"]
[PlyCount "89"]
[EventDate "2018.03.25"]
[EventType "team-tourn"]
[EventRounds "9"]
[EventCountry "SUI"]
[SourceTitle "EXT 2019"]
[Source "ChessBase"]
[SourceDate "2018.10.10"]
[SourceVersion "1"]
[SourceVersionDate "2018.10.10"]
[SourceQuality "1"]
[WhiteTeam "Riehen"]
[BlackTeam "Mendrisio"]
[WhiteTeamCountry "SUI"]
[BlackTeamCountry "SUI"]

1. Nf3 Nf6 2. c4 d6 3. Nc3 e5 4. g3 c6 5. Bg2 Be7 6. 0-0 0-0 7. Qc2 Be6 8. b3 h6 9. d4 Nbd7 10. Rd1 Qc7 11. Bb2 Rfe8 12. h3 Nf8 13. Rac1 Rac8 14. Nh4 Rcd8 15. Nf5 Ng6 16. d5 Bc8 17. dxc6 bxc6 18. Nxe7+ Nxe7 19. Qd2 Qb6 20. Na4 Qc7 21. Bc3 Qb8 22. Ba5 Rd7 23. Rc3 Bb7 24. Rd3 Nf5 25. Nc5 Rde7 26. Nxb7 Qxb7 27. e3 e4 28. Rc3 h5 29. Rcc1 d5 30. cxd5 Nxd5 31. Qe2 g6 32. Rc5 Re6 33. Rdc1 Nfe7 34. Qc4 f5 35. Qd4 Kf7 36. Bf1 Qd7 37. Bc4 Rc8 38. h4 Qb7 39. Bc3 Rg8 40. Ra5 Ra8 41. Bxd5 cxd5 42. Qg7+ Ke8 43. Bf6 Rc8 44. Rxc8+ Qxc8 45. Rxa7 1-0

[Event "Arco op 38th"]
[Site "Arco"]
[Date "2016.10.09"]
[Round "2"]
[White "Schnitzspan, Lothar"]
[Black "Karl, Hans"]
[Result "1/2-1/2"]
[WhiteElo "2298"]
[BlackElo "2090"]
[PlyCount "32"]
[EventDate "2016.10.08"]
[EventType "swiss"]
[EventRounds "9"]
[EventCountry "ITA"]
[SourceTitle "EXT 2017"]
[Source "ChessBase"]
[SourceDate "2016.10.25"]
[SourceVersion "1"]
[SourceVersionDate "2016.10.25"]
[SourceQuality "1"]

1. Nf3 Nf6 2. c4 g6 3. Nc3 Bg7 4. g3 d6 5. Bg2 e5 6. 0-0 0-0 7. b4 c6 8. Ba3 Re8 9. Rc1 Be6 10. c5 dxc5 11. Nxe5 cxb4 12. Bxb4 Nd5 13. Nxd5 Bxd5 14. Bxd5 Qxd5 15. Nc4 Na6 16. a3 Nxb4 1/2-1/2

[Event "SUI-ch op"]
[Site "Flims"]
[Date "2016.07.09"]
[Round "3"]
[White "Huss, Benjamin"]
[Black "Karl, Hans"]
[Result "1/2-1/2"]
[WhiteElo "2078"]
[BlackElo "2103"]
[PlyCount "150"]
[EventDate "2016.07.08"]
[EventType "swiss"]
[EventRounds "9"]
[EventCountry "SUI"]
[SourceTitle "CBM 173 Extra"]
[Source "ChessBase"]
[SourceDate "2016.08.29"]
[SourceVersion "1"]
[SourceVersionDate "2016.08.29"]
[SourceQuality "1"]

1. Nf3 Nf6 2. c4 d6 3. g3 e5 4. d3 Be7 5. Bg2 c6 6. 0-0 0-0 7. Nc3 h6 8. Rb1 Be6 9. b4 Nbd7 10. b5 Qc7 11. Ba3 Rfe8 12. bxc6 bxc6 13. Qa4 Nb6 14. Qa5 Rab8 15. Rb2 Qd7 16. Rfb1 Bxc4 17. Nd2 Be6 18. Na4 Bd8 19. Qa6 Bd5 20. e4 Be6 21. Nc4 Bxc4 22. dxc4 c5 23. Nc3 Qb7 24. Qb5 Bc7 25. Nd5 Nfxd5 26. cxd5 a6 27. Qe2 Qa7 28. Qc2 Rb7 29. Bh3 Reb8 30. f4 exf4 31. e5 Nxd5 32. Rxb7 Rxb7 33. Rxb7 Qxb7 34. Qe4 dxe5 35. Bg2 fxg3 36. hxg3 c4 37. Qxd5 Qb1+ 38. Kh2 Qxa2 39. Qa8+ Kh7 40. Qf8 c3 41. Qc5 Bb6 42. Qxc3 Bd4 43. Qd3+ g6 44. Bc1 Qf2 45. Qf1 Qxf1 46. Bxf1 a5 47. Bb5 Bc3 48. g4 f5 49. Kg3 Be1+ 50. Kf3 h5 51. gxf5 gxf5 52. Bd7 Kg6 53. Be8+ Kf6 54. Bxh5 Bc3 55. Be8 Ke6 56. Ke3 Kd5 57. Bg6 Bd4+ 58. Kf3 Ke6 59. Be8 Bc3 60. Ke3 Kd5 61. Bf7+ Kc5 62. Ba3+ Bb4 63. Bb2 Kd6 64. Be8 Bc5+ 65. Kf3 Bd4 66. Ba3+ Ke6 67. Bc6 Bc3 68. Be8 Bd2 69. Ke2 Bb4 70. Bb2 Kd5 71. Bf7+ Kd6 72. Bg6 Ke6 73. Be8 e4 74. Ke3 Bc5+ 75. Kf4 Bd6+ 1/2-1/2

[Event "Celerina op 10th"]
[Site "Celerina"]
[Date "2016.05.14"]
[Round "2"]
[White "Thomi, Hansjoerg"]
[Black "Karl, Hans"]
[Result "0-1"]
[WhiteElo "1887"]
[BlackElo "2103"]
[PlyCount "86"]
[EventDate "2016.05.14"]
[EventType "swiss"]
[EventRounds "5"]
[EventCountry "SUI"]
[SourceTitle "CBM 172 Extra"]
[Source "ChessBase"]
[SourceDate "2016.06.21"]
[SourceVersion "1"]
[SourceVersionDate "2016.06.21"]
[SourceQuality "1"]

1. e4 e5 2. Nf3 Nc6 3. Bb5 a6 4. Ba4 Nf6 5. 0-0 Nxe4 6. d4 b5 7. Bb3 d5 8. dxe5 Be6 9. c3 Be7 10. Nbd2 Nc5 11. Bc2 0-0 12. Nb3 Nxb3 13. axb3 Qd7 14. Re1 f6 15. exf6 Bxf6 16. Qd3 g6 17. Bh6 Rfe8 18. Rad1 Bf5 19. Qd2 Bxc2 20. Qxc2 Rxe1+ 21. Rxe1 Re8 22. Rd1 a5 23. Qd3 Ne7 24. Be3 c6 25. Bb6 Ra8 26. Ra1 a4 27. bxa4 Rxa4 28. Rxa4 bxa4 29. Bc5 Qf5 30. Qxf5 Nxf5 31. g4 Ng7 32. Nd4 Bxd4 33. Bxd4 Ne6 34. Be5 Nc5 35. Bd6 Nd3 36. Ba3 Kf7 37. Kf1 Ke6 38. Ke2 Ne5 39. h3 g5 40. Bc5 Nc4 41. Ba3 Ke5 42. Kf3 Nxa3 43. bxa3 d4 0-1

[Event "Arco op 37th"]
[Site "Arco"]
[Date "2015.10.12"]
[Round "3"]
[White "Karl, Hans"]
[Black "Buglisi, Massimo"]
[Result "1/2-1/2"]
[WhiteElo "2087"]
[BlackElo "1861"]
[PlyCount "82"]
[EventDate "2015.10.10"]
[EventType "swiss"]
[EventRounds "9"]
[EventCountry "ITA"]
[SourceTitle "CBM 168 Extra"]
[Source "ChessBase"]
[SourceDate "2015.10.29"]
[SourceVersion "1"]
[SourceVersionDate "2015.10.29"]
[SourceQuality "1"]

1. e4 d6 2. d4 Nf6 3. Nc3 g6 4. Bg5 Bg7 5. Nf3 0-0 6. h3 d5 7. Bxf6 exf6 8. exd5 Re8+ 9. Be2 Nd7 10. 0-0 Nb6 11. Bb5 Re7 12. Re1 Rxe1+ 13. Qxe1 Bf5 14. Nh4 Bxc2 15. Qd2 f5 16. Nxg6 hxg6 17. Qxc2 Nxd5 18. Rd1 c6 19. Bf1 Qd7 20. Qb3 Nxc3 21. bxc3 b5 22. Be2 Rd8 23. Bf3 Qd6 24. a4 b4 25. Qxb4 Qxb4 26. cxb4 Rxd4 27. Rxd4 Bxd4 28. Bxc6 Kf8 29. Kf1 f4 30. Ke2 Ke7 31. f3 g5 32. Kd3 Be3 33. Kc4 Kd6 34. Be4 f6 35. a5 Bd2 36. a6 Be3 37. Kd3 Bb6 38. Bb7 Ke5 39. Kc4 Kd6 40. Kd3 Ke5 41. Bc8 Bf2 1/2-1/2

[Event "Arco op 36th"]
[Site "Arco"]
[Date "2014.10.11"]
[Round "8"]
[White "Karl, Hans"]
[Black "Medancic, Rikard"]
[Result "1/2-1/2"]
[WhiteElo "2105"]
[BlackElo "2202"]
[PlyCount "77"]
[EventDate "2014.10.04"]
[EventType "swiss"]
[EventRounds "9"]
[EventCountry "ITA"]
[SourceTitle "CBM 162 Extra"]
[Source "ChessBase"]
[SourceDate "2014.10.17"]
[SourceVersion "1"]
[SourceVersionDate "2014.10.17"]
[SourceQuality "1"]

1. e4 d5 2. exd5 Qxd5 3. Nc3 Qd6 4. d4 Nf6 5. Nb5 Qd8 6. Be2 a6 7. Nc3 Nc6 8. Nf3 Bf5 9. Be3 h6 10. 0-0 e6 11. h3 Be7 12. a3 0-0 13. Bd3 Bxd3 14. Qxd3 Qd6 15. Rad1 Rfd8 16. Rfe1 b5 17. Ne4 Nxe4 18. Qxe4 Qd5 19. Qxd5 Rxd5 20. Bf4 Bd6 21. Bxd6 Rxd6 22. c3 Rad8 23. Rd2 Na5 24. Rde2 Nb3 25. Nd2 c5 26. f4 Nxd2 27. Rxd2 Rd5 28. Red1 g5 29. fxg5 hxg5 30. Kf2 e5 31. Ke3 exd4+ 32. cxd4 Re8+ 33. Kf3 c4 34. g4 Kg7 35. Re2 Rxe2 36. Kxe2 Rd7 37. Kf3 Re7 38. b3 cxb3 39. Rb1 1/2-1/2

[Event "Liechtenstein Seniors op"]
[Site "Triesen"]
[Date "2014.05.27"]
[Round "5"]
[White "Peterlunger, Erich"]
[Black "Karl, Hans"]
[Result "0-1"]
[WhiteElo "1958"]
[BlackElo "2107"]
[PlyCount "72"]
[EventDate "2014.05.23"]
[EventType "swiss"]
[EventRounds "9"]
[EventCountry "LIE"]
[SourceTitle "CBM 160 Extra"]
[Source "ChessBase"]
[SourceDate "2014.07.01"]
[SourceVersion "1"]
[SourceVersionDate "2014.07.01"]
[SourceQuality "1"]

1. Nf3 Nf6 2. d4 g6 3. g3 Bg7 4. Bg2 d6 5. 0-0 0-0 6. c4 c6 7. Nc3 Nbd7 8. Qc2 e5 9. Rd1 Re8 10. Bg5 Qc7 11. dxe5 dxe5 12. Nd2 Nf8 13. Nde4 Nxe4 14. Nxe4 Bf5 15. Qc1 Bxe4 16. Bxe4 Ne6 17. Be3 f5 18. Bg2 f4 19. Bd2 Nd4 20. Kf1 Rf8 21. Bc3 fxg3 22. hxg3 Qf7 23. Bxd4 exd4 24. Bf3 Rae8 25. Rd3 Qf5 26. Kg2 h5 27. Qh1 Rxe2 28. Bxe2 Qxf2+ 29. Kh3 Qxe2 30. Qd1 Qe4 31. Rd2 Rf3 32. Rg2 Be5 33. Qe1 Qf5+ 34. Kh2 h4 35. Rd1 hxg3+ 36. Kg1 d3 0-1

[Event "Liechtenstein Seniors op"]
[Site "Triesen"]
[Date "2014.05.26"]
[Round "4"]
[White "Karl, Hans"]
[Black "Gaprindashvili, Nona"]
[Result "0-1"]
[WhiteElo "2107"]
[BlackElo "2299"]
[PlyCount "68"]
[EventDate "2014.05.23"]
[EventType "swiss"]
[EventRounds "9"]
[EventCountry "LIE"]
[SourceTitle "CBM 160 Extra"]
[Source "ChessBase"]
[SourceDate "2014.07.01"]
[SourceVersion "1"]
[SourceVersionDate "2014.07.01"]
[SourceQuality "1"]

1. d4 c5 2. d5 e5 3. e4 d6 4. Nc3 g6 5. Bb5+ Bd7 6. a4 Nh6 7. f4 f6 8. fxe5 dxe5 9. Nf3 Nf7 10. 0-0 Nd6 11. Be3 Bxb5 12. axb5 Nd7 13. Nd2 Be7 14. Qe2 0-0 15. Nc4 Nb6 16. Nxb6 axb6 17. Qg4 f5 18. exf5 Rxa1 19. Rxa1 Rxf5 20. h3 Qe8 21. Ra7 Qf7 22. Bh6 Rf1+ 23. Kh2 Qf5 24. Ra8+ Kf7 25. Rh8 Bf6 26. Rxh7+ Kg8 27. Rd7 e4 28. Ne2 Be5+ 29. Ng3 e3 30. Rg7+ Kh8 31. Rxg6 Qxg4 32. Rxg4 e2 33. Bd2 Nf5 34. Bc3 Bxc3 0-1

[Event "Arco op 35th"]
[Site "Arco"]
[Date "2013.10.15"]
[Round "4"]
[White "De Santis, Alessio"]
[Black "Karl, Hans"]
[Result "1-0"]
[WhiteElo "2294"]
[BlackElo "2131"]
[PlyCount "95"]
[EventDate "2013.10.12"]
[EventType "swiss"]
[EventRounds "9"]
[EventCountry "ITA"]
[SourceTitle "EXT 2014"]
[Source "ChessBase"]
[SourceDate "2013.11.20"]
[SourceVersion "1"]
[SourceVersionDate "2013.11.20"]
[SourceQuality "1"]

1. Nf3 Nf6 2. c4 d6 3. b3 g6 4. Bb2 Bg7 5. g3 c6 6. Bg2 Bg4 7. d3 0-0 8. Nbd2 e5 9. h3 Bxf3 10. Nxf3 Nbd7 11. 0-0 Re8 12. Rc1 Qe7 13. Rc2 Rad8 14. Qa1 Nh5 15. e4 c5 16. Re2 Bh6 17. Nh2 Nf8 18. Ng4 Bg7 19. Ne3 Ne6 20. Nd5 Qf8 21. Kh2 Nf6 22. Nxf6+ Bxf6 23. f4 Nd4 24. Bxd4 exd4 25. Qe1 Re7 26. h4 Rde8 27. Qf2 Bg7 28. Rfe1 b6 29. Qf3 Kh8 30. h5 h6 31. hxg6 fxg6 32. Qg4 Qf7 33. Rh1 Qf6 34. Kg1 Kg8 35. Rf2 Rf8 36. Bh3 Kh7 37. Qf3 Kg8 38. Rhh2 Kh7 39. Qh1 Kg8 40. Bg2 Kh7 41. Bh3 Kg8 42. Bg4 Ref7 43. Rh3 Re7 44. Bf3 Rfe8 45. Rfh2 g5 46. Rxh6 Bxh6 47. Rxh6 Qg7 48. e5 1-0

[Event "Ortisei Server24 op 2nd"]
[Site "Ortisei"]
[Date "2013.06.04"]
[Round "4"]
[White "Karl, Hans"]
[Black "Roesch, Mario"]
[Result "0-1"]
[WhiteElo "2148"]
[BlackElo "2045"]
[PlyCount "62"]
[EventDate "2013.06.01"]
[EventType "swiss"]
[EventRounds "9"]
[EventCountry "ITA"]
[SourceTitle "CBM 154 Extra"]
[Source "ChessBase"]
[SourceDate "2013.06.25"]
[SourceVersion "2"]
[SourceVersionDate "2013.06.25"]
[SourceQuality "1"]

1. e4 e6 2. Qe2 d5 3. e5 c5 4. d3 Nc6 5. c3 Qc7 6. f4 h5 7. g3 g6 8. Nf3 Nh6 9. Be3 b6 10. Nbd2 Be7 11. Bg2 a5 12. h3 Kf8 13. g4 hxg4 14. hxg4 Kg7 15. f5 exf5 16. Bxh6+ Rxh6 17. Rxh6 Kxh6 18. Qe3+ Kg7 19. 0-0-0 Be6 20. gxf5 Bxf5 21. Rh1 Rh8 22. Rxh8 Kxh8 23. d4 Kg7 24. Nb3 a4 25. Nbd2 a3 26. b3 Nb4 27. dxc5 Nxa2+ 28. Kd1 Bxc5 29. Nd4 Bxd4 30. cxd4 Nc3+ 31. Ke1 a2 0-1

[Event "SUI-ch Seniors"]
[Site "Graechen"]
[Date "2013.??.??"]
[Round "5"]
[White "Karl, Hans"]
[Black "Vucenovic, Dragomir"]
[Result "1/2-1/2"]
[WhiteElo "2148"]
[BlackElo "2271"]
[PlyCount "69"]
[EventDate "2013.07.11"]
[EventType "swiss"]
[EventRounds "7"]
[EventCountry "SUI"]
[SourceTitle "CBM 155 Extra"]
[Source "ChessBase"]
[SourceDate "2013.08.26"]
[SourceVersion "1"]
[SourceVersionDate "2013.08.26"]
[SourceQuality "1"]

1. d4 Nf6 2. c4 e6 3. Nc3 d5 4. Nf3 Be7 5. Bf4 a6 6. e3 Nbd7 7. c5 Ne4 8. Bd3 f5 9. h3 0-0 10. Qc2 Ndf6 11. Ne5 Bd7 12. Ne2 g5 13. Bh2 Nh5 14. g4 Ng7 15. f3 Nf6 16. 0-0 Bb5 17. b4 Bxd3 18. Qxd3 c6 19. a4 Nd7 20. b5 Nxe5 21. Bxe5 Qd7 22. bxc6 Qxc6 23. Rab1 Bd8 24. Qb3 Rf7 25. Kg2 Ba5 26. Rb2 Raf8 27. Ng3 Rd7 28. f4 Bd8 29. Bd6 Rff7 30. Be5 Rf8 31. Re2 Rdf7 32. Bd6 Re8 33. Be5 Ref8 34. Bd6 Re8 35. Be5 1/2-1/2

[Event "Arco op 34th"]
[Site "Arco"]
[Date "2012.10.17"]
[Round "5"]
[White "Dittmar, Peter"]
[Black "Karl, Hans"]
[Result "1/2-1/2"]
[WhiteElo "2329"]
[BlackElo "2141"]
[PlyCount "62"]
[EventDate "2012.10.13"]
[EventType "swiss"]
[EventRounds "9"]
[EventCountry "ITA"]
[SourceTitle "EXT 2013"]
[Source "ChessBase"]
[SourceDate "2012.11.22"]
[SourceVersion "1"]
[SourceVersionDate "2012.11.22"]
[SourceQuality "1"]

1. d4 d5 2. c4 c6 3. cxd5 cxd5 4. Nc3 Nc6 5. e4 e5 6. dxe5 d4 7. Nd5 Be6 8. Bc4 Nxe5 9. Bb5+ Nc6 10. Qxd4 a6 11. Bxc6+ bxc6 12. Qa4 Bxd5 13. exd5 Qxd5 14. Nf3 Qb5 15. Qe4+ Be7 16. Nd4 Qd5 17. Qxd5 cxd5 18. 0-0 Bf6 19. Be3 Ne7 20. b4 Kd7 21. Rac1 Rhc8 22. Nb3 Rc4 23. Bc5 Nc6 24. Rfd1 Rxc1 25. Nxc1 Ke6 26. Nd3 d4 27. Nf4+ Kf5 28. g3 Rd8 29. Kg2 g6 30. h3 h5 31. a3 Ke5 1/2-1/2

[Event "SUI-chT"]
[Site "Switzerland"]
[Date "2012.09.23"]
[Round "7.7"]
[White "Rosenthal, Jonathan"]
[Black "Karl, Hans"]
[Result "1/2-1/2"]
[WhiteElo "2325"]
[BlackElo "2165"]
[PlyCount "71"]
[EventDate "2012.03.18"]
[EventType "team-tourn"]
[EventRounds "9"]
[EventCountry "SUI"]
[SourceTitle "EXT 2013"]
[Source "ChessBase"]
[SourceDate "2012.11.22"]
[SourceVersion "1"]
[SourceVersionDate "2012.11.22"]
[SourceQuality "1"]
[WhiteTeam "Zuerich"]
[BlackTeam "Mendrisio"]
[WhiteTeamCountry "SUI"]
[BlackTeamCountry "SUI"]

1. d4 Nf6 2. c4 g6 3. Nc3 Bg7 4. e4 d6 5. Nf3 0-0 6. Be2 e5 7. 0-0 Nc6 8. d5 Ne7 9. Ne1 Nd7 10. Nd3 f5 11. Bd2 fxe4 12. Nxe4 Nf5 13. f3 Nf6 14. Ndf2 Nd4 15. Bd3 Bf5 16. Nxf6+ Qxf6 17. Ne4 Qe7 18. Bg5 Qd7 19. Qd2 Rf7 20. Be3 Bxe4 21. Bxe4 Qe7 22. Qd3 b6 23. Rae1 Qf6 24. Qd2 Qd8 25. f4 Nf5 26. fxe5 Bxe5 27. Bxf5 Rxf5 28. Rxf5 gxf5 29. Bd4 Qf6 30. Bxe5 dxe5 31. d6 Qxd6 32. Qg5+ Qg6 33. Qxg6+ hxg6 34. Rxe5 Kf7 35. Kf2 Rd8 36. Re2 1/2-1/2

[Event "Livigno op-A 3rd"]
[Site "Livigno"]
[Date "2012.09.15"]
[Round "7"]
[White "Simoncini, Francesco"]
[Black "Karl, Hans"]
[Result "0-1"]
[WhiteElo "1961"]
[BlackElo "2141"]
[PlyCount "122"]
[EventDate "2012.09.10"]
[EventType "swiss"]
[EventRounds "9"]
[EventCountry "ITA"]
[SourceTitle "CBM 150 Extra"]
[Source "ChessBase"]
[SourceDate "2012.10.19"]
[SourceVersion "1"]
[SourceVersionDate "2012.10.19"]
[SourceQuality "1"]

1. c4 e5 2. g3 Nf6 3. Bg2 Bc5 4. d3 c6 5. Nc3 0-0 6. Nf3 Re8 7. 0-0 d6 8. a3 a5 9. e3 Bg4 10. h3 Bf5 11. g4 Bxd3 12. Qxd3 e4 13. Qc2 exf3 14. Bxf3 Nbd7 15. Bg2 h5 16. g5 Nh7 17. h4 Ne5 18. Ne4 Ng6 19. Nxc5 dxc5 20. Be4 Nhf8 21. Bxg6 Nxg6 22. Qe2 Qd7 23. Kh2 Re4 24. f4 Rd8 25. Qxh5 Rxc4 26. Rf2 Qd1 27. Qe2 Qxe2 28. Rxe2 Rd1 29. h5 Nf8 30. Rd2 Rdxc1 31. Rxc1 Rxc1 32. f5 Rf1 33. e4 Re1 34. Kg3 Rxe4 35. Rd8 Re1 36. Rb8 Re3+ 37. Kg4 Rb3 38. h6 gxh6 39. gxh6 Rxb2 40. h7+ Kxh7 41. Rxf8 Kg7 42. Ra8 c4 43. Rxa5 Rb5 44. Ra4 Rc5 45. Rb4 c3 46. Rb1 c2 47. Rc1 Kf6 48. Kf4 b5 49. Ke4 Rc4+ 50. Kd3 Kxf5 51. a4 Ke5 52. a5 Ra4 53. Rxc2 Kd5 54. Rc1 Rxa5 55. Rf1 Ra3+ 56. Kc2 Ra7 57. Kc3 Kc5 58. Rf5+ Kb6 59. Rf6 Ra3+ 60. Kb4 Re3 61. Rg6 Re4+ 0-1

[Event "Livigno op-A 3rd"]
[Site "Livigno"]
[Date "2012.09.12"]
[Round "4"]
[White "Karl, Hans"]
[Black "Pogan, Nikolas"]
[Result "1-0"]
[WhiteElo "2141"]
[BlackElo "2240"]
[PlyCount "63"]
[EventDate "2012.09.10"]
[EventType "swiss"]
[EventRounds "9"]
[EventCountry "ITA"]
[SourceTitle "CBM 150 Extra"]
[Source "ChessBase"]
[SourceDate "2012.10.19"]
[SourceVersion "1"]
[SourceVersionDate "2012.10.19"]
[SourceQuality "1"]

1. d4 Nf6 2. c4 e6 3. Nc3 Bb4 4. Qc2 b6 5. e4 Bxc3+ 6. bxc3 d6 7. f4 0-0 8. Nf3 Nc6 9. e5 Ne8 10. Bd3 f5 11. 0-0 Na5 12. Be3 c6 13. g4 g6 14. gxf5 gxf5 15. Rf2 d5 16. Rg2+ Kh8 17. c5 Nc4 18. Bf2 Qd7 19. Kh1 Rb8 20. Qe2 Ba6 21. Ng5 bxc5 22. Qh5 Ne3 23. Bxe3 Bxd3 24. Rag1 Be4 25. Nxe4 dxe4 26. Qh6 Qf7 27. d5 Rb5 28. d6 Rb7 29. d7 Rxd7 30. Bxc5 Re7 31. h3 a6 32. a3 1-0